[Event "African Online-ch Women 2021"]
[Site "Online"]
[Date "2021.02.01"]
[Round "1.11"]
[White "Namangale, Susan"]
[Black "Charinda, Kudzanayi"]
[Result "0-1"]
[WhiteElo "1344"]
[BlackElo "1710"]
[PlyCount "66"]
[EventDate "2021.02.01"]
[EventType "swiss"]
[EventCountry "NET"]
[TimeControl "1500+10"]
[WhiteClock "0:03:02"]
[BlackClock "0:12:03"]

1. e4 {[%emt 0:00:00]} c5 {[%emt 0:00:13]} 2. Nf3 {[%emt 0:00:07]} d6 {[%emt 0:00:02]} 3. g3 {[%emt 0:00:08]} Nf6 {[%emt 0:00:06]} 4. d3 {[%emt 0:00:06]} e6 {[%emt 0:00:06]} 5. Bg2 {[%emt 0:00:06]} Be7 {[%emt 0:00:07]} 6. c4 {[%emt 0:00:05]} Nc6 {[%emt 0:00:14]} 7. O-O {[%emt 0:00:05]} O-O {[%emt 0:00:07]} 8. Be3 {[%emt 0:00:04]} e5 {[%emt 0:00:42]} 9. Nc3 {[%emt 0:00:08]} Bg4 {[%emt 0:00:17]} 10. h3 {[%emt 0:00:08]} Be6 {[%emt 0:00:07]} 11. Nh2 {[%emt 0:00:16]} Qc8 {[%emt 0:00:14]} 12. Nd5 {[%emt 0:00:26]} Bxh3 {[%emt 0:01:29]} 13. Nxf6+ {[%emt 0:00:53]} Bxf6 {[%emt 0:00:08]} 14. f4 {[%emt 0:00:22]} Bxg2 {[%emt 0:00:10]} 15. Kxg2 {[%emt 0:00:04]} exf4 {[%emt 0:00:17]} 16. Bxf4 {[%emt 0:00:06]} Be5 {[%emt 0:00:36]} 17. Ng4 {[%emt 0:01:06]} f5 {[%emt 0:01:10]} 18. Nxe5 {[%emt 0:01:35]} dxe5 {[%emt 0:00:25]} 19. Be3 {[%emt 0:00:25]} Nd4 {[%emt 0:00:06]} 20. Bxd4 {[%emt 0:01:24]} cxd4 {[%emt 0:00:19]} 21. Qh5 {[%emt 0:00:16]} fxe4 {[%emt 0:00:32]} 22. dxe4 {[%emt 0:00:24]} Qe6 {[%emt 0:00:49]} 23. Rh1 {[%emt 0:00:32]} h6 {[%emt 0:00:12]} 24. b3 {[%emt 0:01:43]} Rf6 {[%emt 0:00:18]} 25. Rh4 {[%emt 0:00:54]} Raf8 {[%emt 0:00:13]} 26. Rg4 {[%emt 0:00:35]} Rf2+ {[%emt 0:01:33]} 27. Kg1 {[%emt 0:00:50]} Qf6 {[%emt 0:01:01]} 28. Qh3 {[%emt 0:04:07]} Qf3 {[%emt 0:01:16]} 29. Rg6 {[%emt 0:00:58]} Qe3 {[%emt 0:01:40]} 30. Qe6+ {[%emt 0:02:59]} Kh8 {[%emt 0:01:36]} 31. Rxh6+ {[%emt 0:01:14] White offered a draw.} gxh6 {[%emt 0:01:53]} 32. Qxe5+ {[%emt 0:00:15]} Kh7 {[%emt 0:00:13]} 33. Qe7+ {[%emt 0:05:07]} R2f7+ {[%emt 0:00:16] #R} 0-1

[Event "African Online-ch Women 2021"]
[Site "Online"]
[Date "2021.02.01"]
[Round "1.12"]
[White "Miladi, Amen"]
[Black "Malehloa, Likhomo"]
[Result "1-0"]
[WhiteElo "1802"]
[BlackElo "1331"]
[PlyCount "121"]
[EventDate "2021.02.01"]
[EventType "swiss"]
[EventCountry "NET"]
[TimeControl "1500+10"]
[WhiteClock "0:03:46"]
[BlackClock "0:12:58"]

1. e4 {[%emt 0:00:00]} e6 {[%emt 0:00:11]} 2. d4 {[%emt 0:00:04]} d5 {[%emt 0:00:09]} 3. Nc3 {[%emt 0:00:01]} dxe4 {[%emt 0:00:05]} 4. Nxe4 {[%emt 0:00:08]} Nf6 {[%emt 0:00:05]} 5. Nxf6+ {[%emt 0:00:30]} Qxf6 {[%emt 0:00:06]} 6. Nf3 {[%emt 0:00:03]} h6 {[%emt 0:00:11]} 7. Bd3 {[%emt 0:01:19]} Bd6 {[%emt 0:01:01]} 8. Qe2 {[%emt 0:00:46]} O-O {[%emt 0:00:15]} 9. Qe4 {[%emt 0:00:27]} Rd8 {[%emt 0:01:52]} 10. h4 {[%emt 0:02:00]} Qg6 {[%emt 0:01:50]} 11. Qxg6 {[%emt 0:01:09]} fxg6 {[%emt 0:00:07]} 12. Bxg6 {[%emt 0:00:01]} Nc6 {[%emt 0:00:03]} 13. c3 {[%emt 0:00:30]} Ne7 {[%emt 0:00:21]} 14. Be4 {[%emt 0:00:36]} Rf8 {[%emt 0:00:21]} 15. a3 {[%emt 0:02:15]} c6 {[%emt 0:01:06]} 16. Nd2 {[%emt 0:01:33]} Nd5 {[%emt 0:01:02]} 17. c4 {[%emt 0:01:09]} Nf6 {[%emt 0:00:57]} 18. Bf3 {[%emt 0:01:40]} Bd7 {[%emt 0:00:54]} 19. O-O {[%emt 0:00:26]} Be8 {[%emt 0:00:59]} 20. Re1 {[%emt 0:00:32]} Bf7 {[%emt 0:00:09]} 21. b4 {[%emt 0:00:29]} Rfe8 {[%emt 0:00:14]} 22. b5 {[%emt 0:00:35]} Rac8 {[%emt 0:00:09]} 23. bxc6 {[%emt 0:01:07]} bxc6 {[%emt 0:00:06]} 24. Ne4 {[%emt 0:00:29]} Nxe4 {[%emt 0:00:08]} 25. Bxe4 {[%emt 0:00:01]} c5 {[%emt 0:00:24]} 26. Bb2 {[%emt 0:01:06]} cxd4 {[%emt 0:00:13]} 27. Bxd4 {[%emt 0:00:02]} Bb8 {[%emt 0:00:03]} 28. Bb7 {[%emt 0:00:57]} Rxc4 {[%emt 0:00:35]} 29. Be5 {[%emt 0:00:18]} Rxh4 {[%emt 0:00:23]} 30. Bc6 {[%emt 0:01:29]} Bxe5 {[%emt 0:02:54]} 31. Rxe5 {[%emt 0:00:25]} Re7 {[%emt 0:01:11]} 32. Rd1 {[%emt 0:00:33]} Kh7 {[%emt 0:01:03]} 33. Rd7 {[%emt 0:01:21]} Rxd7 {[%emt 0:00:27]} 34. Bxd7 {[%emt 0:00:02]} Rh5 {[%emt 0:00:25]} 35. Rxh5 {[%emt 0:00:04]} Bxh5 {[%emt 0:00:04]} 36. Bxe6 {[%emt 0:00:02]} Kg6 {[%emt 0:00:05]} 37. g4 {[%emt 0:00:02]} Bxg4 {[%emt 0:00:06]} 38. Bxg4 {[%emt 0:00:02]} Kf6 {[%emt 0:00:02]} 39. Kf1 {[%emt 0:00:03]} Ke5 {[%emt 0:00:03]} 40. Ke2 {[%emt 0:00:03]} Kd4 {[%emt 0:00:03]} 41. a4 {[%emt 0:00:08]} g6 {[%emt 0:00:07]} 42. Kf3 {[%emt 0:00:08]} h5 {[%emt 0:00:04]} 43. Bd7 {[%emt 0:00:03]} Ke5 {[%emt 0:00:05]} 44. Be8 {[%emt 0:00:03]} Kf6 {[%emt 0:00:03]} 45. Ke4 {[%emt 0:00:17]} Kg5 {[%emt 0:00:05]} 46. Ke5 {[%emt 0:00:05]} h4 {[%emt 0:00:05]} 47. Bd7 {[%emt 0:00:06]} Kh5 {[%emt 0:00:03]} 48. f3 {[%emt 0:00:11]} Kg5 {[%emt 0:00:08]} 49. Bg4 {[%emt 0:00:06]} a5 {[%emt 0:00:06]} 50. Kd5 {[%emt 0:00:02]} Kf4 {[%emt 0:00:05]} 51. Kc5 {[%emt 0:04:25]} Ke5 {[%emt 0:00:06]} 52. Kb5 {[%emt 0:00:05]} Kd5 {[%emt 0:00:02]} 53. Kxa5 {[%emt 0:00:05]} Kc5 {[%emt 0:00:02]} 54. Ka6 {[%emt 0:00:15]} Kc6 {[%emt 0:00:02]} 55. f4 {[%emt 0:00:16]} Kd5 {[%emt 0:00:25]} 56. Kb6 {[%emt 0:00:10]} Ke4 {[%emt 0:00:03]} 57. a5 {[%emt 0:00:15]} Kxf4 {[%emt 0:00:02]} 58. Bd7 {[%emt 0:00:16]} g5 {[%emt 0:00:03]} 59. a6 {[%emt 0:00:02]} g4 {[%emt 0:00:02]} 60. a7 {[%emt 0:00:03]} g3 {[%emt 0:00:02]} 61. a8=Q {[%emt 0:00:04] #r} 1-0

[Event "African Online-ch Women 2021"]
[Site "Online"]
[Date "2021.02.01"]
[Round "1.13"]
[White "McPherson, Naleli"]
[Black "Shaba, Linda Dalitso"]
[Result "1-0"]
[WhiteElo "1303"]
[BlackElo "1603"]
[PlyCount "43"]
[EventDate "2021.02.01"]
[EventType "swiss"]
[EventCountry "NET"]
[TimeControl "1500+10"]
[WhiteClock "0:12:04"]
[BlackClock "0:01:50"]

1. e4 {[%emt 0:00:00]} e6 {[%emt 0:00:07]} 2. d4 {[%emt 0:00:11]} d5 {[%emt 0:00:04]} 3. exd5 {[%emt 0:00:13]} exd5 {[%emt 0:00:04]} 4. Nf3 {[%emt 0:00:14]} Nf6 {[%emt 0:00:07]} 5. Bd3 {[%emt 0:00:18]} Bd6 {[%emt 0:00:05]} 6. O-O {[%emt 0:00:12]} O-O {[%emt 0:00:07]} 7. h3 {[%emt 0:00:12]} h6 {[%emt 0:01:08]} 8. Re1 {[%emt 0:00:25]} Re8 {[%emt 0:00:21]} 9. Ne5 {[%emt 0:00:28]} c5 {[%emt 0:01:08]} 10. c3 {[%emt 0:00:28]} Nc6 {[%emt 0:00:15]} 11. Nxc6 {[%emt 0:00:50]} bxc6 {[%emt 0:00:20]} 12. Be3 {[%emt 0:00:37]} Qb6 {[%emt 0:01:39]} 13. b3 {[%emt 0:01:03]} Bd7 {[%emt 0:01:22]} 14. Nd2 {[%emt 0:00:54]} Re7 {[%emt 0:00:50]} 15. Qf3 {[%emt 0:01:09]} Rae8 {[%emt 0:04:06]} 16. Nf1 {[%emt 0:00:53]} Ne4 {[%emt 0:01:11]} 17. Rac1 {[%emt 0:01:45]} Ng5 {[%emt 0:09:54]} 18. Qh5 {[%emt 0:01:52]} cxd4 {[%emt 0:02:49]} 19. cxd4 {[%emt 0:00:59]} Ne4 {[%emt 0:00:44]} 20. Bxe4 {[%emt 0:02:07]} Rxe4 {[%emt 0:00:06]} 21. Nd2 {[%emt 0:00:51]} R4e6 {[%emt 0:00:13]} 22. Nf3 {[%emt 0:00:55] #t} 1-0

[Event "African Online-ch Women 2021"]
[Site "Online"]
[Date "2021.02.01"]
[Round "1.14"]
[White "Wanjiru, Lucy"]
[Black "Karania, Saloni"]
[Result "1-0"]
[WhiteElo "1623"]
[BlackElo "1304"]
[PlyCount "45"]
[EventDate "2021.02.01"]
[EventType "swiss"]
[EventCountry "NET"]
[TimeControl "1500+10"]
[WhiteClock "0:21:02"]
[BlackClock "0:17:51"]

1. e4 {[%emt 0:00:00]} e5 {[%emt 0:00:04]} 2. Nf3 {[%emt 0:00:08]} Nc6 {[%emt 0:00:03]} 3. Bc4 {[%emt 0:00:06]} Bc5 {[%emt 0:00:07]} 4. O-O {[%emt 0:00:04]} h6 {[%emt 0:00:06]} 5. c3 {[%emt 0:00:03]} Nf6 {[%emt 0:00:16]} 6. d4 {[%emt 0:01:10]} exd4 {[%emt 0:00:35]} 7. cxd4 {[%emt 0:00:05]} Bb6 {[%emt 0:00:34]} 8. e5 {[%emt 0:00:22]} Ne4 {[%emt 0:00:34]} 9. a4 {[%emt 0:01:39]} a6 {[%emt 0:00:24]} 10. Re1 {[%emt 0:00:36]} Ng5 {[%emt 0:01:02]} 11. d5 {[%emt 0:01:10]} Na5 {[%emt 0:00:54]} 12. Ba2 {[%emt 0:00:06]} O-O {[%emt 0:00:38]} 13. Nxg5 {[%emt 0:00:28]} hxg5 {[%emt 0:00:13]} 14. b4 {[%emt 0:00:03]} d6 {[%emt 0:00:28]} 15. bxa5 {[%emt 0:00:15]} Bxa5 {[%emt 0:00:08]} 16. Bd2 {[%emt 0:00:06]} Bb6 {[%emt 0:01:11]} 17. e6 {[%emt 0:00:45]} fxe6 {[%emt 0:00:15]} 18. dxe6 {[%emt 0:00:08]} Qf6 {[%emt 0:02:30]} 19. e7+ {[%emt 0:00:05]} Kh7 {[%emt 0:00:11]} 20. Qh5+ {[%emt 0:00:12]} Qh6 {[%emt 0:00:12]} 21. Qxh6+ {[%emt 0:00:02]} gxh6 {[%emt 0:00:06]} 22. exf8=Q {[%emt 0:00:05]} Kg6 {[%emt 0:00:18]} 23. Qf7# {[%emt 0:00:10]} 1-0

[Event "African Online-ch Women 2021"]
[Site "Online"]
[Date "2021.02.01"]
[Round "1.15"]
[White "Leboela, Maboloko"]
[Black "Ndirangu, Joyce Nyaruai"]
[Result "1-0"]
[WhiteElo "1296"]
[BlackElo "1659"]
[PlyCount "165"]
[EventDate "2021.02.01"]
[EventType "swiss"]
[EventCountry "NET"]
[TimeControl "1500+10"]
[WhiteClock "0:22:13"]
[BlackClock "0:01:50"]

1. e4 {[%emt 0:00:00]} c5 {[%emt 0:00:13]} 2. Nf3 {[%emt 0:00:04]} Nc6 {[%emt 0:00:04]} 3. Bb5 {[%emt 0:00:10]} b6 {[%emt 0:00:15]} 4. Bxc6 {[%emt 0:00:08]} dxc6 {[%emt 0:00:10]} 5. O-O {[%emt 0:00:03]} Nf6 {[%emt 0:00:25]} 6. d3 {[%emt 0:00:07]} e6 {[%emt 0:00:06]} 7. Bg5 {[%emt 0:00:11] Black stopped clock for 205 seconds.} Be7 {[%emt 0:00:23]} 8. Nc3 {[%emt 0:00:05]} O-O {[%emt 0:00:07]} 9. Ne2 {[%emt 0:00:14]} Ba6 {[%emt 0:00:32]} 10. Ng3 {[%emt 0:00:16]} Qc7 {[%emt 0:00:18]} 11. e5 {[%emt 0:00:14]} Nd5 {[%emt 0:00:07]} 12. Bxe7 {[%emt 0:00:08]} Nxe7 {[%emt 0:00:09]} 13. Re1 {[%emt 0:00:10]} Rad8 {[%emt 0:00:06]} 14. Qe2 {[%emt 0:00:21]} Rd5 {[%emt 0:00:10]} 15. c4 {[%emt 0:00:14]} Rd7 {[%emt 0:00:03]} 16. Qe4 {[%emt 0:00:11]} Rfd8 {[%emt 0:00:06]} 17. Rad1 {[%emt 0:00:24]} Ng6 {[%emt 0:00:45]} 18. h4 {[%emt 0:00:32]} b5 {[%emt 0:00:09]} 19. b3 {[%emt 0:00:37]} Bb7 {[%emt 0:01:55]} 20. h5 {[%emt 0:00:08]} Nf8 {[%emt 0:00:03]} 21. Qe2 {[%emt 0:00:19]} bxc4 {[%emt 0:00:48]} 22. dxc4 {[%emt 0:00:18]} Qa5 {[%emt 0:00:33]} 23. Rxd7 {[%emt 0:00:06]} Rxd7 {[%emt 0:00:03]} 24. a4 {[%emt 0:00:49]} Bc8 {[%emt 0:06:18]} 25. Qe3 {[%emt 0:00:59]} Qd8 {[%emt 0:02:37]} 26. Qxc5 {[%emt 0:00:11]} Qb6 {[%emt 0:00:22]} 27. Qxb6 {[%emt 0:00:26]} axb6 {[%emt 0:00:03]} 28. Ne4 {[%emt 0:00:14]} f6 {[%emt 0:00:07]} 29. exf6 {[%emt 0:00:06]} Rd3 {[%emt 0:00:09]} 30. fxg7 {[%emt 0:00:11]} Kxg7 {[%emt 0:00:05]} 31. b4 {[%emt 0:00:16]} Rb3 {[%emt 0:00:10]} 32. b5 {[%emt 0:00:08]} cxb5 {[%emt 0:00:04]} 33. axb5 {[%emt 0:00:04]} Bb7 {[%emt 0:00:02]} 34. Nfd2 {[%emt 0:00:09]} Rb2 {[%emt 0:00:10]} 35. Nd6 {[%emt 0:00:21]} Bxg2 {[%emt 0:00:13]} 36. Kxg2 {[%emt 0:00:06]} Rxd2 {[%emt 0:00:11]} 37. Nc8 {[%emt 0:00:04]} Kf6 {[%emt 0:00:22]} 38. Nxb6 {[%emt 0:00:05]} Rc2 {[%emt 0:00:03]} 39. Kf3 {[%emt 0:00:06]} Kf5 {[%emt 0:00:06]} 40. Re2 {[%emt 0:00:08]} Rc3+ {[%emt 0:00:05]} 41. Re3 {[%emt 0:00:03]} Rc1 {[%emt 0:00:03]} 42. Re4 {[%emt 0:00:29]} e5 {[%emt 0:00:05]} 43. Nd5 {[%emt 0:00:22]} Nd7 {[%emt 0:00:13]} 44. Ne3+ {[%emt 0:00:05]} Ke6 {[%emt 0:00:12]} 45. Ng4 {[%emt 0:00:09]} Rc3+ {[%emt 0:00:20]} 46. Ne3 {[%emt 0:00:26]} Nf6 {[%emt 0:00:14]} 47. Rh4 {[%emt 0:00:05]} Ne8 {[%emt 0:01:29]} 48. Ke2 {[%emt 0:00:21]} Nd6 {[%emt 0:00:36]} 49. Kd2 {[%emt 0:00:06]} Rb3 {[%emt 0:00:14]} 50. Kc2 {[%emt 0:00:09]} Ra3 {[%emt 0:00:16]} 51. b6 {[%emt 0:00:12]} Ra2+ {[%emt 0:03:40]} 52. Kd3 {[%emt 0:00:08]} Rxf2 {[%emt 0:00:05]} 53. c5 {[%emt 0:00:04]} Rb2 {[%emt 0:06:40]} 54. cxd6 {[%emt 0:00:10]} Rxb6 {[%emt 0:00:03]} 55. Nc4 {[%emt 0:00:07]} Rb3+ {[%emt 0:00:04]} 56. Kc2 {[%emt 0:00:07]} Rb5 {[%emt 0:00:10]} 57. Re4 {[%emt 0:00:35]} Kd7 {[%emt 0:00:23]} 58. Kc3 {[%emt 0:00:34]} Rb1 {[%emt 0:00:57]} 59. Rxe5 {[%emt 0:00:10]} Rh1 {[%emt 0:00:05]} 60. Rg5 {[%emt 0:00:03]} h6 {[%emt 0:00:03]} 61. Ra5 {[%emt 0:00:09]} Rh4 {[%emt 0:00:05]} 62. Ra7+ {[%emt 0:00:05]} Kd8 {[%emt 0:00:03]} 63. Nb6 {[%emt 0:00:14]} Rh3+ {[%emt 0:00:07]} 64. Kd4 {[%emt 0:00:04]} Rh4+ {[%emt 0:00:02]} 65. Ke3 {[%emt 0:00:02]} Ke8 {[%emt 0:00:07]} 66. d7+ {[%emt 0:00:08]} Ke7 {[%emt 0:00:03]} 67. Nd5+ {[%emt 0:00:05]} Kd8 {[%emt 0:00:07]} 68. Nf6 {[%emt 0:00:04]} Rh3+ {[%emt 0:00:05]} 69. Kf4 {[%emt 0:00:04]} Ke7 {[%emt 0:00:02]} 70. Ng8+ {[%emt 0:00:08]} Kd8 {[%emt 0:00:07]} 71. Nf6 {[%emt 0:00:19]} Ke7 {[%emt 0:00:03]} 72. Kf5 {[%emt 0:00:02]} Rf3+ {[%emt 0:00:04]} 73. Ke5 {[%emt 0:00:04]} Re3+ {[%emt 0:00:02]} 74. Kf4 {[%emt 0:00:09]} Re1 {[%emt 0:00:24]} 75. Ng8+ {[%emt 0:00:23]} Kd8 {[%emt 0:00:06]} 76. Nf6 {[%emt 0:00:06]} Ke7 {[%emt 0:00:09]} 77. Nd5+ {[%emt 0:00:03]} Kd8 {[%emt 0:00:14]} 78. Nb6 {[%emt 0:00:05]} Rd1 {[%emt 0:00:02]} 79. Kf5 {[%emt 0:00:07]} Rd6 {[%emt 0:00:08]} 80. Ra8+ {[%emt 0:00:14]} Ke7 {[%emt 0:00:10]} 81. Re8+ {[%emt 0:00:05]} Kf7 {[%emt 0:00:09]} 82. d8=Q {[%emt 0:00:06]} Rxd8 {[%emt 0:00:02]} 83. Rxd8 {[%emt 0:00:03] #r} 1-0

[Event "African Online-ch Women 2021"]
[Site "Online"]
[Date "2021.02.01"]
[Round "1.16"]
[White "Maingi, Sasha"]
[Black "Farzaliyeva, Shams"]
[Result "1-0"]
[WhiteElo "1599"]
[BlackElo "1219"]
[PlyCount "53"]
[EventDate "2021.02.01"]
[EventType "swiss"]
[EventCountry "NET"]
[TimeControl "1500+10"]
[WhiteClock "0:10:52"]
[BlackClock "0:15:34"]

1. e4 {[%emt 0:00:00]} b6 {[%emt 0:00:03]} 2. d4 {[%emt 0:00:27]} Bb7 {[%emt 0:00:07]} 3. Nc3 {[%emt 0:00:28]} e6 {[%emt 0:00:06]} 4. Bd3 {[%emt 0:00:37]} Nf6 {[%emt 0:00:07]} 5. Nf3 {[%emt 0:00:49]} h6 {[%emt 0:00:28]} 6. a3 {[%emt 0:00:22]} Nc6 {[%emt 0:00:21]} 7. O-O {[%emt 0:02:35]} g6 {[%emt 0:02:59]} 8. Re1 {[%emt 0:01:55]} Bg7 {[%emt 0:00:21]} 9. e5 {[%emt 0:02:29]} Nd5 {[%emt 0:00:13]} 10. Nxd5 {[%emt 0:00:15]} exd5 {[%emt 0:00:03]} 11. Be3 {[%emt 0:00:29]} O-O {[%emt 0:00:15]} 12. Qd2 {[%emt 0:00:14]} Kh7 {[%emt 0:00:09]} 13. h4 {[%emt 0:01:01]} Ne7 {[%emt 0:00:33]} 14. h5 {[%emt 0:00:42]} d6 {[%emt 0:00:10]} 15. Nh4 {[%emt 0:00:53]} dxe5 {[%emt 0:00:18]} 16. dxe5 {[%emt 0:00:44]} d4 {[%emt 0:02:46]} 17. Bxd4 {[%emt 0:00:43]} Nc6 {[%emt 0:01:28]} 18. Nf3 {[%emt 0:00:24]} Nxd4 {[%emt 0:00:21]} 19. Nxd4 {[%emt 0:00:04]} Qg5 {[%emt 0:00:09]} 20. Qxg5 {[%emt 0:00:16]} hxg5 {[%emt 0:00:02]} 21. hxg6+ {[%emt 0:00:24]} fxg6 {[%emt 0:00:19]} 22. Ne6 {[%emt 0:00:08]} Rg8 {[%emt 0:00:49]} 23. Nxg5+ {[%emt 0:00:43]} Kh6 {[%emt 0:00:02]} 24. Ne6 {[%emt 0:00:53]} c5 {[%emt 0:00:08]} 25. f4 {[%emt 0:00:45]} Rac8 {[%emt 0:01:23]} 26. Re3 {[%emt 0:00:12]} c4 {[%emt 0:00:06]} 27. Rh3# {[%emt 0:00:06]} 1-0

[Event "African Online-ch Women 2021"]
[Site "Online"]
[Date "2021.02.01"]
[Round "2.1"]
[White "Wafa, Shahenda"]
[Black "Wanjiru, Lucy"]
[Result "1-0"]
[WhiteElo "2143"]
[BlackElo "1623"]
[Annotator "TA"]
[PlyCount "97"]
[EventDate "2021.02.01"]
[EventType "swiss"]
[EventCountry "NET"]
[SourceTitle "playchess.com"]
[Source "ChessBase"]
[SourceQuality "1"]

{[%evp 10,97,128,132,175,174,454,454,455,459,454,437,423,421,509,418,516,420,529,516,543,537,551,551,550,524,546,553,542,547,579,578,574,572,570,562,575,580,620,613,614,616,618,616,629,616,639,607,677,676,681,669,710,710,747,725,822,811,914,888,901,866,814,779,907,899,899,919,1072,1059,996,953,1062,1027,1156,1154,1148,1118,1028,980,1447,1432,29982,29983,29986,29987,29990,29991,29994,29995]} 1. e4 e5 2. Nf3 Nc6 3. Bb5 Nf6 4. O-O a6 5. Bxc6 dxc6 6. Nxe5 Qd4 {C65: Ruy Lopez: Berlin Defence (3...Nf6), unusual lines and 4 0-0 Bc5.} ({Avoid the trap} 6... Nxe4 $2 7. Re1) 7. Nf3 Bg4 $2 {[#]} (7... Qd8 {was worth a try.} 8. Nc3 Be6) 8. Nxd4 $18 Bxd1 {White is clearly winning.} 9. Rxd1 O-O-O 10. Nf3 Nxe4 {[#]} 11. d3 $146 ({Predecessor:} 11. Nc3 f5 12. d3 Nf6 13. Bg5 Be7 14. Re1 Rde8 15. Re2 Rhf8 16. Rae1 Kd8 17. Nd4 {1-0 (35) McKerracher,D (1915)-Gunawardana,T London 2017}) 11... Nc5 12. Nc3 Ne6 13. Be3 h6 14. Ne5 Rg8 15. Nxf7 Rd7 16. Ne5 Rd8 17. Re1 Bd6 18. Nf7 Rd7 19. Nxd6+ Rxd6 20. Ne4 Rd7 21. Ng3 Rf7 22. c3 g5 23. d4 Nf4 24. Bxf4 gxf4 25. Ne4 b6 26. Nd2 Rfg7 27. g3 Rf7 28. Re4 fxg3 29. hxg3 Rgf8 30. f3 h5 31. Rae1 Rg7 32. Kf2 Rff7 33. Rh4 Rf5 34. Re5 Rfg5 35. Rxg5 Rxg5 {[%mdl 4096] Endgame KRN-KR} 36. Ne4 Rb5 37. b3 Rf5 38. Ke3 Kd7 39. Rf4 Ra5 40. a4 Ke7 41. Rh4 Rf5 42. g4 hxg4 43. fxg4 Rf1 44. Rh7+ Kd8 45. g5 Re1+ 46. Kf4 {White mates.} Rb1 47. g6 Rg1 48. Ng3 Rf1+ 49. Nxf1 {White took control after the opening.} 1-0

[Event "African Online-ch Women 2021"]
[Site "Online"]
[Date "2021.02.01"]
[Round "2.2"]
[White "Maingi, Sasha"]
[Black "Mezioud, Amina"]
[Result "0-1"]
[WhiteElo "1599"]
[BlackElo "2071"]
[Annotator "TA"]
[PlyCount "86"]
[EventDate "2021.02.01"]
[EventType "swiss"]
[EventCountry "NET"]
[SourceTitle "playchess.com"]
[Source "ChessBase"]
[SourceQuality "1"]

{[%evp 14,86,31,21,44,21,31,39,30,21,41,36,39,-34,-27,-40,-27,-447,-453,-452,-442,-411,-423,-444,-438,-510,-512,-502,-463,-495,-494,-481,-474,-486,-414,-414,-370,-387,-387,-604,-585,-606,-590,-633,-628,-583,-488,-489,-493,-490,-483,-477,-470,-542,-541,-578,-566,-581,-578,-603,-468,-502,-475,-533,-519,-472,-400,-601,-431,-719,-712,-29990,-29991,-29991,-29992]} 1. e4 e5 2. Nf3 d6 3. d4 exd4 4. Nxd4 Nf6 5. Nc3 Be7 6. Be2 O-O 7. O-O Re8 8. Re1 Nbd7 {C41: Philidor Defence.} 9. Bf1 a5 10. a4 Nc5 {White is slightly better.} 11. f3 {[#]} h6 $146 ({Predecessor:} 11... c6 12. Be3 Bf8 13. Bf2 Qc7 14. Qd2 Bd7 15. Rad1 Rad8 16. Kh1 Bc8 17. Bc4 Ncd7 18. Bh4 Qb6 19. Bb3 Qb4 20. Nf5 Nc5 21. Nh6+ gxh6 22. Bxf6 Nxb3 23. Qf4 {1-0 (23) Perez Perez,O (2263)-Gomez Arnau,R (2209) Havana 2011}) 12. Be3 c6 13. Nf5 (13. Bc4 $14) 13... Bxf5 $15 14. exf5 d5 15. Bd3 $2 {[%mdl 8192]} (15. Ne2 $11) 15... d4 $19 {[%mdl 64] [#] Double Attack} 16. Bf2 dxc3 17. bxc3 Nxd3 18. cxd3 Bd6 19. Qb3 Qd7 20. d4 Bc7 21. Qc2 Rxe1+ 22. Rxe1 Re8 23. Rb1 b6 24. c4 Qe7 25. Rd1 Bd6 26. d5 (26. c5 $142 bxc5 27. dxc5) 26... Bc5 {( -> ...Qe1+!)} 27. Qd2 Bxf2+ 28. Qxf2 cxd5 29. cxd5 Qc5 30. Qxc5 bxc5 {[%mdl 4096] Endgame KRN-KR} 31. d6 Nd7 32. Kf2 Kf8 33. g4 f6 34. Rb1 Rb8 35. Re1 Ne5 {White must now prevent ...Nd3+.} 36. Rd1 Rd8 37. h3 Nc4 38. d7 Nb6 39. Rd6 Nxd7 40. Ra6 (40. Kg3 $142) 40... c4 41. Rc6 (41. Rd6 $142) 41... Ne5 42. Rc5 Nd3+ {[%mdl 64] [#] Double Attack} 43. Kg3 Nxc5 {White got outplayed after the opening.  Weighted Error Value: White=0.60/Black=0.13} 0-1

[Event "African Online-ch Women 2021"]
[Site "Online"]
[Date "2021.02.01"]
[Round "2.3"]
[White "Latreche, Sabrina"]
[Black "Madelta Glenda"]
[Result "1-0"]
[WhiteElo "2076"]
[BlackElo "1420"]
[Annotator "TA"]
[PlyCount "95"]
[EventDate "2021.02.01"]
[EventType "swiss"]
[EventCountry "NET"]
[SourceTitle "playchess.com"]
[Source "ChessBase"]
[SourceQuality "1"]

{[%evp 9,94,-8,-9,-27,-14,-31,-25,-49,-28,-45,-36,-40,0,-26,3,-26,8,-14,70,13,30,20,157,118,162,156,176,184,176,181,356,368,827,896,881,859,777,737,10750,29963,3750,3673,2841,2794,2202,2081,2101,603,582,479,472,466,1216,1219,1198,1198,1125,1098,1171,1164,1475,1436,1671,1443,3246,2980,2752,2533,3127,2720,2843,2719,2315,1985,2070,1866,29966,6452,29994,29995,29997,29997,29997,29998,29998,29999,29999]} 1. e4 e6 2. Nf3 d5 3. Qe2 Be7 4. d3 Nf6 5. g3 O-O 6. e5 {C00: French: Unusual White 2nd moves.} Nfd7 7. Bg2 c5 8. c3 {Black has an edge.} Nc6 9. O-O Qc7 {[%cal Rd7e5]} 10. Bf4 b6 11. h4 Bb7 12. Re1 {[#]} Rfd8 $146 ({Predecessor:} 12... b5 13. Nbd2 b4 14. c4 Nb6 15. b3 Rad8 16. Nf1 a5 17. Ne3 a4 18. cxd5 Nxd5 19. Nxd5 Rxd5 {0-1 (65) Kovanova,B (2379)-Hoang,T (2483) Beijing 2008}) 13. h5 Bf8 (13... h6 $11) 14. Nbd2 (14. h6 $14) 14... Ne7 15. Nf1 {[%cal Bd2f1,Bf1h2,Bh2g4,Bg4f6][%mdl 32]} g6 {White leaves nothing to chance now.} (15... h6 $11 {keeps the balance.}) 16. hxg6 hxg6 17. N1h2 Bg7 18. Ng4 {Black must now prevent Nf6+!} Nf5 19. Nf6+ Kh8 $2 (19... Bxf6 {keeps fighting.} 20. exf6 Nd6) 20. Ng5 $18 {[%cal Rg5f7]} Nf8 $2 (20... Nh6 21. Qg4 Nxf6 22. exf6 Nxg4 23. Bxc7 Rd7 24. fxg7+ Kxg7) 21. Qg4 Bh6 22. Qh3 {aiming for g4.} Kg7 23. g4 Ne7 {[#]} 24. Nxe6+ $1 {[%mdl 512]} fxe6 25. Bxh6+ Kf7 26. Bxf8 Kxf8 27. Qh6+ Kf7 28. Qf4 (28. Qh7+ $142 Kf8 29. f4) 28... Kg7 29. Qg5 ({Not} 29. Qh2 Rh8 $18) 29... Rh8 30. Nh5+ Kf7 (30... Kg8 $142 31. Nf4 {[%mdl 64] Double Attack} Qd7 32. Nxg6 Nxg6) 31. Qf6+ Ke8 32. Qxh8+ Kd7 33. Nf6+ Kc6 34. Qg7 b5 35. a4 a6 36. axb5+ axb5 37. Rxa8 Bxa8 38. c4 bxc4 39. dxc4 Kb6 40. cxd5 exd5 41. Ne8 Qd7 42. Nd6 Bc6 {[#]} 43. Qxe7 $3 Qxg4 (43... Qxe7 44. Nc8+) 44. Qd8+ {White mates.} Ka7 45. Ra1+ Ba4 46. Qa5+ {[%mdl 64] Double Attack} Kb8 47. Qb6+ Ka8 48. Qb7# {Weighted Error Value: White=0.43/Black=0.49} 1-0